| 000 | 01127cad a22002535a 4500 | ||
|---|---|---|---|
| 001 | E149455 | ||
| 008 | 100308s2009 xxko f 000 0 eng d | ||
| 020 | _a9781848060739 | ||
| 035 | _a(Sirsi) u149455 | ||
| 041 | 0 | _aeng | |
| 100 | 1 | _aWiltshire, Robin | |
| 245 | 0 | 0 |
_aCommunity heating and combined heat and power _h[electronic resource] |
| 260 |
_aAmersham _bNHBC Foundation _c2009 |
||
| 490 | 0 |
_aNF _v13 |
|
| 520 | _aGives an overview of community heating and combined heat and power systems and looks at where they are most effective. Mainly discusses new residential developments, but also examines the use of such systems in existing and mixed-use developments. | ||
| 521 | 2 | _aAdvanced | |
| 651 | 4 |
_aUnited Kingdom _y |
|
| 690 | _aENVIRONMENTAL AND LAND CONSULTANCY-ENERGY-ENERGY USE-ENERGY EFFICIENCY | ||
| 700 | 1 | _aJangsten, Olof | |
| 700 | 1 | _aWilliams, Jonathan | |
| 700 | 1 | _aAguilo-Rullan, Antonio | |
| 856 | 4 | 0 |
_uhttps://www.nhbcfoundation.org/LinkClick.aspx?fileticket=Ev%2f%2bSNIFrK4%3d&tabid=339&mid=774&language=en-GB _zView the report free of charge (PDF file) at www.nhbcfoundation.org |
| 942 | _n0 | ||
| 999 |
_c110508 _d110508 |
||